Công trình năng lượng khí sinh vật BIOGAS
Nguyễn tắc xây dựng hầm biôga, thiết kế các loại hầm khí, quản lí và khai thác hầm khí, biện pháp an toàn trong quá trình xây dựng... ngoài ra có phần phụ lục hướng dẫn chi tiết cách xây dựng, làm thế nào để sản xuất được nhiều khí vi sinh nhất...
Spremljeno u:
| Glavni autor: | |
|---|---|
| Format: | Knjiga |
| Jezik: | Vietnamese |
| Izdano: |
H.
Xây dựng
2001
|
| Teme: | |
| Oznake: |
Dodaj oznaku
Bez oznaka, Budi prvi tko označuje ovaj zapis!
|
| Thư viện lưu trữ: | Mạng thư viện Đại học Đà Nẵng |
|---|
| LEADER | 01482nam a22003858a 4500 | ||
|---|---|---|---|
| 001 | 000013686 | ||
| 003 | 10030 | ||
| 005 | 20120320140317.0 | ||
| 008 | 120320s2001 b 000 0 vieod | ||
| 020 | |c 27000đ |d 500b | ||
| 041 | 0 | |a vie | |
| 080 | |a 6X4.5 | ||
| 082 | |a 665.776 |b NG-T | ||
| 084 | |a K759 |b C455TR | ||
| 100 | 1 | |a Nguyễn Duy Thiện | |
| 245 | 1 | 0 | |a Công trình năng lượng khí sinh vật BIOGAS |c Nguyễn Duy Thiện |
| 260 | |a H. |b Xây dựng |c 2001 | ||
| 300 | |a 208tr : minh hoạ |c 20cm | ||
| 520 | |a Nguyễn tắc xây dựng hầm biôga, thiết kế các loại hầm khí, quản lí và khai thác hầm khí, biện pháp an toàn trong quá trình xây dựng... ngoài ra có phần phụ lục hướng dẫn chi tiết cách xây dựng, làm thế nào để sản xuất được nhiều khí vi sinh nhất | ||
| 653 | |a Thiết kế | ||
| 653 | |a Xây dựng | ||
| 653 | |a Hầm khí | ||
| 653 | |a Nông thôn | ||
| 653 | |a Hầm Biogas | ||
| 910 | |a Nguyễn Thị Lê Na | ||
| OWN | |a LSP | ||
| AVA | |a UDN50 |b LSP |d 665.776 NG-T |e available |t Error 5001 Not defined in file expand_doc_bib_avail. |f 1 |g 0 |h N |i 0 |k 1 | ||
| 999 | |a From the UDN01 | ||
| AVA | |a UDN50 |b LSP |d 665.776 NG-T |e available |t Error 5001 Not defined in file expand_doc_bib_avail. |f 1 |g 0 |h N |i 0 |k 1 | ||
| TYP | |a Monograph | ||
| TYP | |a Printed language | ||
| 980 | |a Mạng thư viện Đại học Đà Nẵng | ||